000 00391cab a2200157 4500
001 WB2524-13
008 090401t xxu||||| |||| 00| 0 eng d
035 _a(Sirsi) u62115
041 _aeng
245 _aRICS housing market survey
350 _a0
490 _aRICS News Service
690 _aPROPERTY-RESIDENTIAL PROPERTY-RESIDENTIAL PROPERTY MARKET
942 _n0
948 _c04/03/1997
999 _c38578
_d38578